Southville International School and Colleges
Your cart is empty.
  • Cart
  • Lists
    Public lists Eva Luna New books Lux_list list_1
    Your lists Log in to create your own lists
  • Log in to your account
  • Your cookies
  • Search history
Southville International School and Colleges
  • Advanced search
  • Recent comments
  • Most popular
  • Libraries

Log in to your account

Log in with GOOGLE


If you do not have an external account, but do have a local account, you can still log in:

  1. Home
  2. MARC view: Reaping me softly /
Normal view MARC view ISBD view

Reaping me softly / (Record no. 276951)

[ view plain ]
MARC details
000 -LEADER
fixed length control field 01775cam a22003497a 4500
001 - CONTROL NUMBER
control field 17740855
005 - DATE AND TIME OF LATEST TRANSACTION
control field 20141211162532.0
008 - FIXED-LENGTH DATA ELEMENTS--GENERAL INFORMATION
fixed length control field 130516s2012 txu j 000 1 eng d
010 ## - LIBRARY OF CONGRESS CONTROL NUMBER
LC control number 2012533853
020 ## - INTERNATIONAL STANDARD BOOK NUMBER
International Standard Book Number 9781623429119 (pbk.)
020 ## - INTERNATIONAL STANDARD BOOK NUMBER
International Standard Book Number 1623429110 (pbk.)
035 ## - SYSTEM CONTROL NUMBER
System control number (OCoLC)ocn844385613
040 ## - CATALOGING SOURCE
Original cataloging agency NTG
Transcribing agency NTG
Modifying agency DLC
042 ## - AUTHENTICATION CODE
Authentication code lccopycat
050 00 - LIBRARY OF CONGRESS CALL NUMBER
Classification number PZ 7
Item number .Ev87365Re 2012
082 04 - DEWEY DECIMAL CLASSIFICATION NUMBER
Classification number 813.6
100 1# - MAIN ENTRY--PERSONAL NAME
Personal name Evangelista, Kate.
245 10 - TITLE STATEMENT
Title Reaping me softly /
Statement of responsibility, etc Kate Evangelista.
250 ## - EDITION STATEMENT
Edition statement 1st Omnific trade pbk. ed.
260 ## - PUBLICATION, DISTRIBUTION, ETC. (IMPRINT)
Place of publication, distribution, etc Dallas :
Name of publisher, distributor, etc Omnific,
Date of publication, distribution, etc 2012.
300 ## - PHYSICAL DESCRIPTION
Extent 213 pages :
Dimensions 22 cm.
520 ## - SUMMARY, ETC.
Summary, etc "Ever since a near-death experience on the operating table, seventeen-year-old Arianne Wilson can see dead people. Just as she's learned to accept her new-found talents, she discovers that the boy she's had a crush on since freshman year, Niko Clarke, is a Reaper. At last they have something in common, but that doesn't mean life is getting any easier. All while facing merciless bullying from the most powerful girl in school, Arianne's world is turned upside down after Niko accidentally reaps the soul of someone she loves. This sends them both into a spiral that threatens to end Arianne's life. But will Niko break his own Reaper's code to save her? And what would the consequences be if he did?"--P. [4] of cover.
650 #0 - SUBJECT ADDED ENTRY--TOPICAL TERM
Topical term or geographic name as entry element High school students
Form subdivision Juvenile fiction.
650 #0 - SUBJECT ADDED ENTRY--TOPICAL TERM
Topical term or geographic name as entry element Death
Form subdivision Juvenile fiction.
655 #0 - INDEX TERM--GENRE/FORM
Genre/form data or focus term Fantasy fiction.
655 #0 - INDEX TERM--GENRE/FORM
Genre/form data or focus term Love stories.
655 #0 - INDEX TERM--GENRE/FORM
Genre/form data or focus term Paranormal romance stories.
906 ## - LOCAL DATA ELEMENT F, LDF (RLIN)
a 7
b cbc
c copycat
d 2
e ncip
f 20
g y-gencatlg
942 ## - ADDED ENTRY ELEMENTS (KOHA)
Source of classification or shelving scheme Library of Congress Classification
Koha item type Books
Call number prefix Foreign
Holdings
Withdrawn status Lost status Source of classification or shelving scheme Damaged status Home library Current library Shelving location Date acquired Source of acquisition Total Checkouts Total Renewals Full call number Barcode Date last seen Date checked out Price effective from Koha item type
    Library of Congress Classification   College Library College Library Fiction Section 12/11/2014 Library Fund 8 17 PZ 7 .Ev87365Re 2012 C19035 08/25/2020 07/24/2020 12/11/2014 Books

Reaping me softly /

APA

Evangelista K., . (2012). Reaping me softly. Dallas: Omnific.

Chicago

Evangelista Kate, . 2012. Reaping me softly. Dallas: Omnific.

Harvard

Evangelista K., . (2012). Reaping me softly. Dallas: Omnific.

MLA

Evangelista Kate, . Reaping me softly. Dallas: Omnific. 2012.

  • Place hold
  • Print
  • Cite
  • Add to your cart (remove)
  • Save record
    BIBTEX Dublin Core MARCXML MARC (non-Unicode/MARC-8) MARC (Unicode/UTF-8) MARC (Unicode/UTF-8, Standard) MODS (XML) RIS
  • More searches
    Search for this title in:
    Other Libraries (WorldCat) Other Databases (Google Scholar) Online Stores (Bookfinder.com) Open Library (openlibrary.org)

Exporting to Dublin Core...

SOUTHVILLE LIBRARY

Southville International School and Colleges Library

1281 Tropical Ave. Cor. Luxembourg St., BF Homes International, Las Pinas City

Tel. No. 8256374 / 252358 Loc. 117/146

Powered by Koha